000
00365nam a2200133Ia 4500
008
151001s9999||||xx |||||||||||||| ||und||
100
_a
वाणप्रस्थी प्राणनाथ
245
_a
सदाचारी बच्चे
250
_a
1
260
_b
शिक्षा भारती
260
_c
1980
300
_a
48
365
_b
18
999
_c
961963
_d
961960